000
00290nam a2200133Ia 4500
100
_a
Guillemin/E.A
942
_c
BK
654
_a
circuit
245
_a
Mathematics of circuit analysis
260
_b
Oxford
_a
Calcutta
_c
1967
082
_a
621.3192
_b
GUI
300
_a
590
546
_a
ENGLISH
999
_c
20574
_d
20574